000 00379nam a22001337a 4500
999 _c534126
_d534126
020 _a9789693511819
040 _cMSOHAIL
082 _a070.442
100 _aMustansar Hussain Tarar ........ مستنصر حسین تارڑ
_928272
245 _aShutar Murgh Riyasat - شُتر مُرغ ریاست
260 _aLahore
_bSang-e-Meel
_cc2007
300 _a192;p
942 _2ddc
_cBK